[Event "Mercredi 2018.05.09 ABCD"]
[Site "Montreal CAN"]
[Date "2018.05.23"]
[Round "3"]
[White "Millette, Sylvain"]
[Black "Nica, Ion"]
[Result "1/2-1/2"]
[WhiteElo "1657"]
[BlackElo "1633"]
[PlyCount "50"]
[EventDate "2018.05.09"]
[EventType "tourn"]
[EventRounds "5"]
[EventCountry "CAN"]

1. e4 c5 2. d4 cxd4 3. c3 dxc3 4. Nxc3 Nc6 5. Bc4 d6 6. Nf3 a6 7. O-O Nf6 8.
Qe2 Bg4 9. Rd1 Bxf3 10. Qxf3 Ne5 11. Qe2 Nxc4 12. Qxc4 Qc8 13. Qe2 e5 14. Bg5
Qg4 15. Qxg4 Nxg4 16. Nd5 Rc8 17. Rac1 Rc6 18. Rxc6 bxc6 19. Nc7+ Kd7 20. Nxa6
Be7 21. Nc5+ Ke8 22. Bxe7 Kxe7 23. Nd3 Nf6 24. f3 Ra8 25. a3 c5 1/2-1/2

[Event "Mercredi 2018.05.09 ABCD"]
[Site "Montreal CAN"]
[Date "2018.05.23"]
[Round "3"]
[White "Nikulich, Oleksandr"]
[Black "Langlois-Remillard, Alexis"]
[Result "1/2-1/2"]
[WhiteElo "2046"]
[BlackElo "2057"]
[PlyCount "66"]
[EventDate "2018.05.09"]
[EventType "tourn"]
[EventRounds "5"]
[EventCountry "CAN"]

1. d4 e6 2. c4 Nf6 3. Nc3 d5 4. Bg5 Be7 5. e3 c6 6. Nf3 Nbd7 7. Rc1 O-O 8. Bd3
a6 9. O-O dxc4 10. Bxc4 b5 11. Bd3 Bb7 12. Bb1 Rc8 13. Ne5 c5 14. Nxd7 Nxd7 15.
Qd3 f5 16. Bf4 Rf6 17. f3 Rg6 18. d5 c4 19. Qc2 e5 20. Bg3 Bc5 21. Qe2 f4 22.
Bxg6 Bxe3+ 23. Bf2 Bxc1 24. Bxh7+ Kxh7 25. Rxc1 Qe7 26. a3 Nf6 27. Re1 Re8 28.
Kh1 Nxd5 29. Qe4+ Kh8 30. Nxd5 Qf7 31. Rd1 Rd8 32. Qxe5 Rxd5 33. Rxd5 Bxd5
1/2-1/2

[Event "Mercredi 2018.05.09 ABCD"]
[Site "Montreal CAN"]
[Date "2018.05.23"]
[Round "3"]
[White "Ostaci, Liviu"]
[Black "Giurgiev, Silvius"]
[Result "1-0"]
[WhiteElo "1662"]
[BlackElo "1605"]
[PlyCount "113"]
[EventDate "2018.05.09"]
[EventType "tourn"]
[EventRounds "5"]
[EventCountry "CAN"]

1. e4 Nc6 2. c4 e5 3. g3 Nf6 4. Bg2 Bc5 5. Nh3 h6 6. O-O O-O 7. d3 d6 8. Kh1
Bg4 9. f3 Be6 10. g4 Nh7 11. f4 exf4 12. Nxf4 Qd7 13. h3 Bd4 14. Nc3 Ne5 15.
Nce2 Nc6 16. Rb1 a5 17. b3 Qd8 18. Nxd4 Nxd4 19. Bb2 Nc6 20. d4 Bd7 21. Nd5 Ne7
22. Nxe7+ Qxe7 23. d5 b6 24. Qd4 f6 25. Bc1 Qe5 26. Qxe5 fxe5 27. Be3 g5 28.
Rb2 Rxf1+ 29. Bxf1 Rf8 30. Bg2 Kg7 31. a3 Nf6 32. b4 axb4 33. axb4 Ra8 34. c5
Ra1+ 35. Kh2 bxc5 36. bxc5 Bxg4 37. cxd6 cxd6 38. Rb6 Ra2 39. Kg3 Be2 40. Rxd6
Nh5+ 41. Kf2 Bd3+ 42. Kg1 Ra1+ 43. Kf2 Ra2+ 44. Kg1 Re2 45. Bf2 Nf4 46. Rd7+
Kg6 47. Rd6+ Kg7 48. Rd7+ Kf6 49. Rd6+ Kf7 50. Rxh6 Bxe4 51. Bxe4 Rxe4 52. d6
Rb4 53. d7 Rb8 54. Bb6 Kg7 55. Rd6 Rf8 56. d8=Q Ne2+ 57. Kg2 1-0

[Event "Mercredi 2018.05.09 ABCD"]
[Site "Montreal CAN"]
[Date "2018.05.23"]
[Round "3"]
[White "Pomerantz, Daniel"]
[Black "Boudreau, Daniel"]
[Result "1-0"]
[WhiteElo "2023"]
[BlackElo "2127"]
[PlyCount "31"]
[EventDate "2018.05.09"]
[EventType "tourn"]
[EventRounds "5"]
[EventCountry "CAN"]

1. e4 c5 2. Nf3 e6 3. d4 cxd4 4. Nxd4 Nc6 5. Nc3 Qc7 6. Be3 a6 7. Qd2 Nf6 8. f3
b5 9. O-O-O Bb7 10. g4 Bb4 11. g5 Ng8 12. Kb1 Rc8 13. Nxc6 dxc6 14. Qd4 Bxc3
15. Qxc3 e5 16. Bh3 1-0

[Event "Mercredi 2018.05.09 ABCD"]
[Site "Montreal CAN"]
[Date "2018.05.23"]
[Round "3"]
[White "Zheng, Richard"]
[Black "Nunez, Omar"]
[Result "1/2-1/2"]
[WhiteElo "2078"]
[BlackElo "1970"]
[PlyCount "95"]
[EventDate "2018.05.09"]
[EventType "tourn"]
[EventRounds "5"]
[EventCountry "CAN"]

1. d4 c5 2. c3 cxd4 3. cxd4 d5 4. Bf4 e6 5. Nc3 Nf6 6. e3 a6 7. Bd3 Nc6 8. Rc1
Be7 9. h3 Bd7 10. Nge2 Rc8 11. O-O O-O 12. f3 b5 13. a4 b4 14. Na2 Qb6 15. b3
Nh5 16. Bh2 e5 17. Kh1 exd4 18. Nxd4 Nxd4 19. exd4 Bd6 20. f4 Nf6 21. Bg1 Rfe8
22. Rxc8 Bxc8 23. Re1 Rd8 24. Qf3 Bb7 25. Nc1 Ne4 26. Bxe4 dxe4 27. Qe3 Bd5 28.
Ne2 Rc8 29. f5 f6 30. Nf4 Rc3 31. Qd2 Bxf4 32. Qxf4 Rxb3 33. Rxe4 Qc6 34. Re2
Rxh3+ 35. Bh2 Rc3 36. Qb8+ Kf7 37. Qxb4 Rc1+ 38. Bg1 Qd7 39. Qb8 Rc8 40. Qf4
Rc4 41. a5 g5 42. fxg6+ hxg6 43. Qh6 Rc7 44. Qh7+ Kf8 45. Qh8+ Kf7 46. Qh7+ Kf8
47. Qh8+ Kf7 48. Qh7+ 1/2-1/2

[Event "Mercredi 2018.05.09 ABCD"]
[Site "Montreal CAN"]
[Date "2018.05.30"]
[Round "4"]
[White "Abdelaal, Ibrahim"]
[Black "O'Neill, Brendon"]
[Result "1-0"]
[WhiteElo "1827"]
[BlackElo "1767"]
[PlyCount "57"]
[EventDate "2018.05.09"]
[EventType "tourn"]
[EventRounds "5"]
[EventCountry "CAN"]

1. e4 c5 2. Nf3 d6 3. b4 cxb4 4. d4 Bg4 5. h3 Bxf3 6. Qxf3 a6 7. Bc4 e6 8. O-O
b5 9. Bb3 Nc6 10. d5 Nd4 11. Qd3 e5 12. Be3 Be7 13. Bxd4 exd4 14. a4 bxa3 15.
Rxa3 Qb6 16. c4 dxc3 17. Nxc3 Nf6 18. Nxb5 O-O 19. Nd4 Nd7 20. Nc6 Bf6 21. Bc2
Nc5 22. Qg3 Qb2 23. Bb1 Rfe8 24. Ra2 Nxe4 25. Qf4 Qb3 26. Re2 Nc3 27. Rxe8+
Rxe8 28. Qf5 Qxd5 29. Qxh7+ 1-0

[Event "Mercredi 2018.05.09 ABCD"]
[Site "Montreal CAN"]
[Date "2018.05.30"]
[Round "4"]
[White "Beaulieu, Pierre"]
[Black "Nesterov, Timour"]
[Result "0-1"]
[WhiteElo "1901"]
[BlackElo "1910"]
[PlyCount "84"]
[EventDate "2018.05.09"]
[EventType "tourn"]
[EventRounds "5"]
[EventCountry "CAN"]

1. Nf3 e6 2. b3 d5 3. Bb2 Nf6 4. e3 c5 5. Be2 Bd6 6. d3 Nc6 7. Nbd2 O-O 8. O-O
b6 9. d4 Bb7 10. c4 cxd4 11. cxd5 Nxd5 12. Nxd4 Ne5 13. N2f3 Qf6 14. Rb1 Rfd8
15. Nb5 Bb8 16. Nxe5 Bxe5 17. Nd4 Qh6 18. g3 Nxe3 19. fxe3 Qxe3+ 20. Rf2 Bxd4
21. Bxd4 Rxd4 22. Qf1 Rd2 23. Re1 Rad8 24. Bf3 Qxf2+ 25. Qxf2 Rxf2 26. Kxf2
Bxf3 27. Kxf3 Rd2 28. Rc1 g6 29. a4 Rd3+ 30. Ke4 Rxb3 31. Rc4 a5 32. Ke5 Kg7
33. Kd4 Kf6 34. g4 Rb4 35. Rxb4 axb4 36. Kc4 Ke5 37. Kxb4 Kd6 38. g5 Kc6 39.
Kc4 e5 40. h4 Kd6 41. Kb5 e4 42. Kc4 Ke5 0-1

[Event "Mercredi 2018.05.09 ABCD"]
[Site "Montreal CAN"]
[Date "2018.05.30"]
[Round "4"]
[White "Chang, Alexander RZ"]
[Black "Guipi Bopala, Prince Eric jr"]
[Result "1/2-1/2"]
[WhiteElo "1962"]
[BlackElo "1910"]
[PlyCount "57"]
[EventDate "2018.05.09"]
[EventType "tourn"]
[EventRounds "5"]
[EventCountry "CAN"]

1. e4 d5 2. exd5 Qxd5 3. Nc3 Qa5 4. Nf3 Nf6 5. d4 c6 6. Bc4 Bf5 7. O-O e6 8.
Re1 Be7 9. Bg5 h6 10. Bxf6 Bxf6 11. Ne4 Be7 12. Ne5 O-O 13. c3 Qc7 14. Ng3 Bh7
15. Qg4 Bd6 16. Nh5 Bxe5 17. dxe5 Bg6 18. Nf4 Bf5 19. Qe2 Nd7 20. Rad1 Nb6 21.
Bd3 Bxd3 22. Rxd3 Nd5 23. Qe4 Nxf4 24. Qxf4 Rad8 25. Red1 Rxd3 26. Rxd3 Rd8 27.
Rxd8+ Qxd8 28. Qd4 Qxd4 29. cxd4 1/2-1/2

[Event "Mercredi 2018.05.09 ABCD"]
[Site "Montreal CAN"]
[Date "2018.05.30"]
[Round "4"]
[White "Gauthier, Luc"]
[Black "Templonuevo, Mark Geryl"]
[Result "0-1"]
[WhiteElo "1731"]
[BlackElo "1735"]
[PlyCount "72"]
[EventDate "2018.05.09"]
[EventType "tourn"]
[EventRounds "5"]
[EventCountry "CAN"]

1. e4 Nf6 2. e5 Nd5 3. d4 d6 4. c4 Nb6 5. exd6 cxd6 6. Nc3 g6 7. Be3 Bg7 8. Rc1
O-O 9. b3 h6 10. Qd2 Kh7 11. Bd3 f5 12. Qe2 e5 13. d5 N6d7 14. h4 Na6 15. h5 g5
16. g4 Ndc5 17. Bb1 e4 18. Nb5 Kh8 19. Nh3 f4 20. Bd4 f3 21. Bxg7+ Kxg7 22.
Qb2+ Kg8 23. Rg1 Nb4 24. Kf1 a6 25. Nd4 Nbd3 26. Bxd3 Nxd3 27. Qc2 Qf6 28. Ne6
Bxe6 29. dxe6 Nxc1 30. Qxc1 Rfe8 31. Rg3 Rxe6 32. Kg1 Rae8 33. Kh1 e3 34. fxe3
Rxe3 35. Qc2 f2 36. Nxf2 Rxg3 0-1

[Event "Mercredi 2018.05.09 ABCD"]
[Site "Montreal CAN"]
[Date "2018.05.30"]
[Round "4"]
[White "Giurgiev, Silvius"]
[Black "Nica, Ion"]
[Result "0-1"]
[WhiteElo "1605"]
[BlackElo "1633"]
[PlyCount "98"]
[EventDate "2018.05.09"]
[EventType "tourn"]
[EventRounds "5"]
[EventCountry "CAN"]

1. e4 e5 2. Nf3 Nf6 3. Nxe5 d6 4. Nf3 Nxe4 5. Qe2 Qe7 6. d3 Nf6 7. Bg5 Qxe2+ 8.
Bxe2 Be7 9. Nc3 O-O 10. O-O Na6 11. Rfe1 Bd7 12. a3 Rfe8 13. h3 h6 14. Bh4 Nc5
15. Nd4 g5 16. Bg3 a6 17. Bf3 Rab8 18. b4 Ne6 19. Nf5 Bf8 20. Ne2 h5 21. Ne3
Ng7 22. Nd5 Nxd5 23. Bxd5 Nf5 24. c3 Bg7 25. Bh2 Be6 26. Bf3 h4 27. Rac1 Re7
28. Bg4 Rbe8 29. Kf1 Bf6 30. Bg1 Bc8 31. Bh2 Kg7 32. f3 Ne3+ 33. Kf2 Bxg4 34.
hxg4 Nxg2 35. Kxg2 Rxe2+ 36. Kf1 Rxe1+ 37. Rxe1 Rxe1+ 38. Kxe1 Bxc3+ 39. Ke2 b5
40. f4 Bb2 41. Kd2 Bxa3 42. Kc3 Bc1 43. fxg5 Bxg5 44. Kd4 Bd2 45. Kd5 Bxb4 46.
Kc6 Ba5 47. Kb7 b4 48. Bf4 b3 49. Bc1 Bc3 0-1

[Event "Mercredi 2018.05.09 ABCD"]
[Site "Montreal CAN"]
[Date "2018.05.30"]
[Round "4"]
[White "Jacquet, Stephane"]
[Black "Barko, Maxim"]
[Result "1-0"]
[WhiteElo "1955"]
[BlackElo "1936"]
[PlyCount "123"]
[EventDate "2018.05.09"]
[EventType "tourn"]
[EventRounds "5"]
[EventCountry "CAN"]

1. d4 e6 2. Nf3 d5 3. c4 c6 4. Nc3 f5 5. g3 Nf6 6. Bg2 Bd6 7. O-O O-O 8. b3 Ne4
9. Nxe4 fxe4 10. Ne5 Nd7 11. Bb2 Qg5 12. f4 exf3 13. exf3 Qe3+ 14. Kh1 Nxe5 15.
Re1 Qh6 16. dxe5 Bc5 17. Bd4 Ba3 18. Be3 Qg6 19. f4 Bd7 20. Qb1 Be8 21. cxd5
Qxb1 22. Raxb1 cxd5 23. b4 Ba4 24. Bc5 Rfe8 25. Re3 Bc2 26. Rg1 b6 27. Rxa3
bxc5 28. Rc3 Bf5 29. Rxc5 Reb8 30. a3 Bd3 31. Rd1 Be2 32. Rd2 Bc4 33. Rxc4 dxc4
34. Rc2 a5 35. Bxa8 Rxa8 36. Rxc4 axb4 37. axb4 Ra2 38. Rc7 Rb2 39. Rb7 h5 40.
h3 Rb3 41. Kg2 Rb2+ 42. Kf3 Rb3+ 43. Kf2 Rb2+ 44. Ke3 Rb3+ 45. Kd4 Rxg3 46. Re7
Rb3 47. Kc5 Rxh3 48. Rxe6 Rf3 49. Rd6 h4 50. b5 h3 51. Rd2 Rxf4 52. b6 Rf3 53.
Rb2 h2 54. Rxh2 Rb3 55. Rh4 Rc3+ 56. Rc4 Rb3 57. Rb4 Rc3+ 58. Kd5 Rd3+ 59. Kc6
Rc3+ 60. Kd7 Rd3+ 61. Ke7 Re3 62. Ke6 1-0

[Event "Mercredi 2018.05.09 ABCD"]
[Site "Montreal CAN"]
[Date "2018.05.30"]
[Round "4"]
[White "Kay, Sang Kil"]
[Black "Millette, Sylvain"]
[Result "1-0"]
[WhiteElo "1681"]
[BlackElo "1657"]
[PlyCount "57"]
[EventDate "2018.05.09"]
[EventType "tourn"]
[EventRounds "5"]
[EventCountry "CAN"]

1. d4 Nf6 2. c4 g6 3. Nc3 Bg7 4. e4 d6 5. f4 c5 6. Nf3 O-O 7. Be2 cxd4 8. Nxd4
e5 9. Ndb5 Ne8 10. Nd5 a6 11. Nbc3 Nc6 12. Be3 Be6 13. h4 Bxd5 14. Nxd5 exf4
15. Bxf4 Nd4 16. Bg5 f6 17. Be3 Nxe2 18. Qxe2 Rc8 19. h5 f5 20. hxg6 hxg6 21.
exf5 Rxf5 22. O-O-O Re5 23. Qg4 Nf6 24. Nxf6+ Bxf6 25. Qxg6+ Kf8 26. Rdf1 Rxc4+
27. Kb1 Ke7 28. Rh7+ Ke6 29. Qf7# 1-0

[Event "Mercredi 2018.05.09 ABCD"]
[Site "Montreal CAN"]
[Date "2018.05.11"]
[Round "4"]
[White "Langlois-Remillard, Alexis"]
[Black "Boudreau, Daniel"]
[Result "1-0"]
[WhiteElo "2057"]
[BlackElo "2127"]
[PlyCount "79"]
[EventDate "2018.05.09"]
[EventType "tourn"]
[EventRounds "5"]
[EventCountry "CAN"]

1. b3 e5 2. Bb2 Nc6 3. e3 Nf6 4. Bb5 Bd6 5. Na3 Na5 6. Be2 a6 7. c4 O-O 8. Nf3
Re8 9. Nc2 c5 10. O-O Nc6 11. d4 e4 12. Nd2 Rb8 13. Re1 b6 14. Nf1 Bb7 15. Ng3
Qc7 16. Qd2 Rbd8 17. d5 Ne5 18. Nf5 Nd3 19. Bxf6 Bxh2+ 20. Kf1 gxf6 21. Bxd3
exd3 22. Qxd3 Be5 23. Rad1 Kh8 24. e4 Rg8 25. Re3 d6 26. Rh3 Rg6 27. Qf3 Rg5
28. Ke2 Bc8 29. Nce3 Kg8 30. Rdh1 Kf8 31. Rxh7 Bxf5 32. Nxf5 Rxf5 33. Qxf5 b5
34. f4 Bd4 35. e5 fxe5 36. Qf6 Ke8 37. Rh8+ Kd7 38. Qf5+ Ke7 39. R1h7 Rf8 40.
Qe6+ 1-0

[Event "Mercredi 2018.05.09 ABCD"]
[Site "Montreal CAN"]
[Date "2018.05.30"]
[Round "4"]
[White "Nardone, Raul"]
[Black "Baran, Marius"]
[Result "0-1"]
[WhiteElo "1856"]
[BlackElo "1747"]
[PlyCount "90"]
[EventDate "2018.05.09"]
[EventType "tourn"]
[EventRounds "5"]
[EventCountry "CAN"]

1. c4 e6 2. g3 d5 3. Bg2 Nf6 4. Nf3 Be7 5. O-O O-O 6. d4 dxc4 7. Ne5 c5 8. dxc5
Bxc5 9. Nc3 a6 10. Bg5 Be7 11. Qxd8 Rxd8 12. Rfd1 Rxd1+ 13. Rxd1 Kf8 14. Na4
Nbd7 15. Bxf6 Nxf6 16. Nb6 Rb8 17. Nexc4 Ke8 18. Ne5 Nd5 19. Nxd5 exd5 20. Bxd5
Be6 21. e4 Bxd5 22. exd5 Rd8 23. Nc4 b5 24. Ne3 Bc5 25. Kg2 Bxe3 26. fxe3 f5
27. h4 Ke7 28. Kf3 Kd6 29. Kf4 Re8 30. Rd3 g6 31. h5 Re4+ 32. Kg5 Rg4+ 33. Kf6
Rxg3 34. hxg6 hxg6 35. Rd1 Rxe3 36. Kxg6 Re2 37. Kxf5 Rxb2 38. a4 b4 39. Ke4 a5
40. Kd4 Rh2 41. Kc4 Rc2+ 42. Kd4 Rc5 43. Ke4 Rc4+ 44. Kf5 b3 45. Re1 b2 0-1

[Event "Mercredi 2018.05.09 ABCD"]
[Site "Montreal CAN"]
[Date "2018.05.30"]
[Round "4"]
[White "Nikulich, Oleksandr"]
[Black "Zheng, Richard"]
[Result "1-0"]
[WhiteElo "2046"]
[BlackElo "2078"]
[PlyCount "73"]
[EventDate "2018.05.09"]
[EventType "tourn"]
[EventRounds "5"]
[EventCountry "CAN"]

1. d4 f5 2. g3 d5 3. Nf3 e6 4. Bg2 Nf6 5. Nbd2 c5 6. O-O Nc6 7. e3 Bd6 8. b3 b6
9. Bb2 O-O 10. c4 Bb7 11. Qc2 Ne4 12. Rad1 Qe7 13. Ne1 Rfd8 14. Nd3 Nb4 15.
Nxb4 cxb4 16. Nxe4 fxe4 17. Rd2 Rac8 18. Rc1 a5 19. Qd1 Ba6 20. Rdc2 Rc7 21.
Qg4 Rdc8 22. Bh3 Kf7 23. c5 Qf6 24. f3 g6 25. fxe4 h5 26. Qd1 Qg5 27. cxd6 Rxc2
28. Rxc2 Qxe3+ 29. Rf2+ Kg7 30. Qf3 Qe1+ 31. Bf1 dxe4 32. d5+ Kh6 33. Qf4+ Kh7
34. Qf7+ Kh6 35. Bg7+ Kh7 36. Bf6+ Kh6 37. Qg7# 1-0

[Event "Mercredi 2018.05.09 ABCD"]
[Site "Montreal CAN"]
[Date "2018.05.30"]
[Round "4"]
[White "Ostaci, Liviu"]
[Black "Autotte, Daniel"]
[Result "1/2-1/2"]
[WhiteElo "1662"]
[BlackElo "1643"]
[PlyCount "64"]
[EventDate "2018.05.09"]
[EventType "tourn"]
[EventRounds "5"]
[EventCountry "CAN"]

1. e4 d5 2. exd5 Qxd5 3. Nf3 Nf6 4. Nc3 Qd6 5. Bc4 c6 6. d3 Bg4 7. h3 Be6 8.
Bxe6 Qxe6+ 9. Be3 Nd5 10. Nxd5 Qxd5 11. O-O e6 12. Re1 Be7 13. Bd4 Bf6 14. Bxf6
gxf6 15. c4 Qh5 16. Nh2 Qxd1 17. Raxd1 Nd7 18. d4 Rc8 19. Re3 Ke7 20. Red3 Nb6
21. b3 Rhd8 22. f4 a5 23. a4 Rd7 24. Nf3 Rcd8 25. Kf2 c5 26. Ke3 cxd4+ 27. Nxd4
Ke8 28. Nb5 Ke7 29. R1d2 Rxd3+ 30. Rxd3 Rxd3+ 31. Kxd3 Nd7 32. Kd4 b6 1/2-1/2

[Event "Mercredi 2018.05.09 ABCD"]
[Site "Montreal CAN"]
[Date "2018.05.30"]
[Round "4"]
[White "Pomerantz, Daniel"]
[Black "Nunez, Omar"]
[Result "0-1"]
[WhiteElo "2023"]
[BlackElo "1970"]
[PlyCount "94"]
[EventDate "2018.05.09"]
[EventType "tourn"]
[EventRounds "5"]
[EventCountry "CAN"]

1. e4 d5 2. exd5 Qxd5 3. Nc3 Qa5 4. d4 Nf6 5. Nf3 Nc6 6. Bb5 Nd5 7. Bd2 Nxc3 8.
Bxc6+ bxc6 9. Bxc3 Qa6 10. Ne5 Be6 11. Qe2 Qxe2+ 12. Kxe2 Bd5 13. f3 e6 14. b3
c5 15. Rad1 f6 16. Nd3 cxd4 17. Bxd4 e5 18. Bc5 e4 19. fxe4 Bxe4 20. Rhe1 O-O-O
21. Bxa7 Bd6 22. Kf2 f5 23. Kg1 g5 24. a4 Rd7 25. Be3 Re8 26. a5 Bxd3 27. Rxd3
Bc5 28. Kf2 Rxe3 29. Rexe3 f4 30. Kf3 fxe3 31. c3 c6 32. b4 Ba7 33. c4 Re7 34.
c5 Bb8 35. Rxe3 Rxe3+ 36. Kxe3 Bxh2 37. g4 Kb7 38. Ke4 Bf4 39. Kf5 Bd2 40. Kf6
Ka6 41. Ke6 Kb5 42. Kd6 Bf4+ 43. Kd7 Bb8 44. Kc8 Ba7 45. Kb7 Kxb4 46. Kxc6 Bxc5
47. a6 Kc4 0-1

[Event "Mercredi 2018.05.09 ABCD"]
[Site "Montreal CAN"]
[Date "2018.06.06"]
[Round "5"]
[White "Baran, Marius"]
[Black "Abdelaal, Ibrahim"]
[Result "0-1"]
[WhiteElo "1747"]
[BlackElo "1827"]
[PlyCount "78"]
[EventDate "2018.05.09"]
[EventType "tourn"]
[EventRounds "5"]
[EventCountry "CAN"]

1. e4 d5 2. exd5 Nf6 3. d4 Nxd5 4. c4 Nb4 5. a3 N4a6 6. Nc3 e5 7. Be3 exd4 8.
Bxd4 Nc6 9. Qe2+ Be6 10. Be3 Nd4 11. Bxd4 Qxd4 12. Nf3 Qf6 13. Nd5 Qh6 14. Qe3
Qxe3+ 15. Nxe3 O-O-O 16. Be2 Be7 17. O-O Bf6 18. Rab1 Nc5 19. b4 Ne4 20. Nd5
Bxd5 21. cxd5 Nc3 22. Rbe1 Nxe2+ 23. Rxe2 Rxd5 24. h4 h6 25. Rc1 Rhd8 26. Kh2
a5 27. Rec2 R8d7 28. Ra2 a4 29. Rc4 b5 30. Rc6 Kb7 31. Rac2 Rd3 32. R6c5 Rxa3
33. Rxb5+ Kc8 34. Ra5 Bc3 35. Rb5 Rb3 36. Ra2 a3 37. g3 Rxb4 38. Rc5 Rb2 39.
Rxa3 Bb4 0-1

[Event "Mercredi 2018.05.09 ABCD"]
[Site "Montreal CAN"]
[Date "2018.06.06"]
[Round "5"]
[White "Barko, Maxim"]
[Black "Beaulieu, Pierre"]
[Result "0-1"]
[WhiteElo "1936"]
[BlackElo "1901"]
[PlyCount "102"]
[EventDate "2018.05.09"]
[EventType "tourn"]
[EventRounds "5"]
[EventCountry "CAN"]

1. e4 g6 2. d4 Bg7 3. Nc3 d6 4. Be3 Nd7 5. Qd2 a6 6. Bd3 e6 7. Nf3 b5 8. a3 Bb7
9. g4 h6 10. h4 Nb6 11. Qe2 Nf6 12. Rg1 Nfd7 13. h5 g5 14. Na2 Qe7 15. Nc1 c5
16. c3 O-O 17. Bb1 Nc4 18. Nd2 Nxb2 19. f4 f6 20. e5 d5 21. Ndb3 Na4 22. Qc2
Bh8 23. Na5 Rab8 24. Nxb7 Rxb7 25. Nd3 fxe5 26. dxe5 c4 27. Nb4 gxf4 28. Qg6+
Qg7 29. Qxe6+ Qf7 30. Qxf7+ Rxf7 31. e6 Bxc3+ 32. Bd2 Bxa1 33. exf7+ Kxf7 34.
Nxd5 Ne5 35. Ke2 Bd4 36. Rd1 f3+ 37. Kf1 Nb2 38. Re1 Nxg4 39. Bg6+ Kg7 40. Ne3
Bxe3 41. Bxe3 Nxe3+ 42. Rxe3 c3 43. Rxc3 Nc4 44. Be4 Re7 45. Bxf3 Re3 46. Rxe3
Nxe3+ 47. Ke2 Nc2 48. Bb7 a5 49. a4 bxa4 50. Bd5 a3 51. Bb3 Nb4 0-1

[Event "Mercredi 2018.05.09 ABCD"]
[Site "Montreal CAN"]
[Date "2018.06.06"]
[Round "5"]
[White "Boudreau, Daniel"]
[Black "Nikulich, Oleksandr"]
[Result "0-1"]
[WhiteElo "2127"]
[BlackElo "2046"]
[PlyCount "100"]
[EventDate "2018.05.09"]
[EventType "tourn"]
[EventRounds "5"]
[EventCountry "CAN"]

1. e4 e5 2. Nc3 Nf6 3. Bc4 Nxe4 4. Nxe4 d5 5. Qh5 dxc4 6. Qxe5+ Qe7 7. Nf3 Nc6
8. Qxe7+ Bxe7 9. b3 Bf5 10. d3 Nb4 11. Kd2 O-O-O 12. Ng3 Bg6 13. bxc4 Nxc2 14.
Kxc2 Rxd3 15. Ne5 Rxg3+ 16. Nxg6 Rxg6 17. g3 Bc5 18. Bb2 Re8 19. Rae1 Rxe1 20.
Rxe1 Kd7 21. f3 Ra6 22. Kb3 g6 23. f4 Re6 24. Bc3 Rxe1 25. Bxe1 Ke6 26. g4 c6
27. Bd2 f5 28. g5 b5 29. a4 a6 30. h3 Bf8 31. Bc1 h6 32. gxh6 Bxh6 33. Be3 Bf8
34. Bd2 Bd6 35. Be3 Kf7 36. Bd2 Kg8 37. Be3 Kh7 38. axb5 axb5 39. cxb5 cxb5 40.
Kc3 Kh6 41. Kd4 Kh5 42. Kd5 Bb8 43. Bd2 Kh4 44. Ke6 Kxh3 45. Kf6 Kg4 46. Kxg6
Bxf4 47. Bb4 Be3 48. Kf6 f4 49. Ke5 f3 50. Ke4 f2 0-1

[Event "Mercredi 2018.05.09 ABCD"]
[Site "Montreal CAN"]
[Date "2018.05.21"]
[Round "5"]
[White "Giurgiev, Silvius"]
[Black "Millette, Sylvain"]
[Result "1/2-1/2"]
[WhiteElo "1605"]
[BlackElo "1657"]
[PlyCount "125"]
[EventDate "2018.05.09"]
[EventType "tourn"]
[EventRounds "5"]
[EventCountry "CAN"]

1. e4 Nf6 2. e5 Nd5 3. Nf3 d6 4. d4 Nc6 5. Be2 Bg4 6. exd6 exd6 7. c4 Nb6 8. b3
Be7 9. Bb2 Bf6 10. Qd2 O-O 11. O-O Re8 12. Na3 d5 13. c5 Nd7 14. Rfe1 Nf8 15.
Nc2 Ne6 16. b4 a6 17. h3 Bf5 18. Ne3 Be4 19. Ng4 Bxf3 20. Nxf6+ Qxf6 21. Bxf3
Rad8 22. Rad1 Ne7 23. Re5 c6 24. Bg4 Ng6 25. Rf5 Qe7 26. Re1 Qc7 27. Rf3 Ng5
28. Rfe3 Ne4 29. Qd1 Nf6 30. Rxe8+ Rxe8 31. Rxe8+ Nxe8 32. Bc1 Nf6 33. Bf5 Qe7
34. Kf1 Nh4 35. Bd3 Kf8 36. g3 Ng6 37. Qe2 Ne4 38. h4 Qe6 39. Kg2 Ne7 40. f3
Nf6 41. Qxe6 fxe6 42. a4 Nf5 43. Bb2 Nh5 44. Bxf5 exf5 45. Bc1 Kf7 46. b5 axb5
47. axb5 Nf6 48. Bd2 Ke6 49. Kf2 Ne8 50. Bf4 h6 51. Ke2 Nf6 52. Bd2 Nh7 53. Kf2
g5 54. hxg5 hxg5 55. Ke2 g4 56. f4 Nf6 57. Be1 Ne4 58. Kd3 Kd7 59. Kc2 Kc7 60.
Kb3 Nf6 61. Kb4 Nd7 62. Kb3 Nb8 63. Kb4 1/2-1/2

[Event "Mercredi 2018.05.09 ABCD"]
[Site "Montreal CAN"]
[Date "2018.06.06"]
[Round "5"]
[White "Guipi Bopala, Prince Eric jr"]
[Black "Jacquet, Stephane"]
[Result "0-1"]
[WhiteElo "1910"]
[BlackElo "1955"]
[PlyCount "106"]
[EventDate "2018.05.09"]
[EventType "tourn"]
[EventRounds "5"]
[EventCountry "CAN"]

1. e4 d6 2. d4 Nf6 3. Nc3 g6 4. Bg5 Bg7 5. e5 Nfd7 6. e6 fxe6 7. Qd2 c5 8. Nf3
Nc6 9. dxc5 Nxc5 10. O-O-O Bd7 11. h4 Qa5 12. h5 Bxc3 13. Qxc3 Qxc3 14. bxc3
O-O-O 15. hxg6 hxg6 16. Bd3 Nxd3+ 17. cxd3 e5 18. d4 e4 19. Nd2 d5 20. f3 exf3
21. Nxf3 Bg4 22. Rde1 Bxf3 23. gxf3 Kd7 24. Kd2 Rdf8 25. f4 e6 26. Reg1 Na5 27.
Bh6 Nc4+ 28. Ke2 Rfg8 29. Bg5 Rh5 30. Rxh5 gxh5 31. Rh1 Rh8 32. Bf6 Rh6 33. Bg5
Rh7 34. Kd3 Ke8 35. Ke2 Kf7 36. Kd3 Kg6 37. Rh4 Nd6 38. Rh1 Ne4 39. Rg1 Kf5 40.
Rg2 h4 41. Rh2 h3 42. Ke2 Kg4 43. Kf1 Kg3 44. Kg1 Nxc3 45. f5 exf5 46. Bd2 Ne4
47. Be1+ Kf3 48. Kh1 f4 49. Kg1 Rg7+ 50. Kh1 Ng3+ 51. Bxg3 fxg3 52. Rb2 g2+ 53.
Kg1 h2+ 0-1

[Event "Mercredi 2018.05.09 ABCD"]
[Site "Montreal CAN"]
[Date "2018.06.06"]
[Round "5"]
[White "Kay, Sang Kil"]
[Black "Ostaci, Liviu"]
[Result "0-1"]
[WhiteElo "1681"]
[BlackElo "1662"]
[PlyCount "74"]
[EventDate "2018.05.09"]
[EventType "tourn"]
[EventRounds "5"]
[EventCountry "CAN"]

1. d4 d6 2. c4 g6 3. Nc3 Bg7 4. e4 Nf6 5. f4 O-O 6. Be2 c5 7. d5 e6 8. g4 exd5
9. cxd5 Nxg4 10. h4 h5 11. f5 Ne5 12. Bg5 Bf6 13. Bxh5 Bxg5 14. hxg5 Qxg5 15.
Be2 Qg3+ 16. Kd2 b5 17. Nxb5 Qf4+ 18. Ke1 Qxe4 19. Rh3 Bxf5 20. Nxd6 Qb4+ 21.
Rc3 Qh4+ 22. Kd2 Qf4+ 23. Ke1 Nf3+ 24. Rxf3 Qxd6 25. Rc1 Bg4 26. Rfc3 Bxe2 27.
Nxe2 Nd7 28. Qd3 Qh2 29. Kd1 Rae8 30. Ng3 Re5 31. Nf1 Qf2 32. Nd2 Re1+ 33. Kc2
Rxc1+ 34. Kxc1 Re8 35. b3 Re5 36. Rc2 Qf5 37. d6 Qxd3 0-1

[Event "Mercredi 2018.05.09 ABCD"]
[Site "Montreal CAN"]
[Date "2018.06.06"]
[Round "5"]
[White "Nica, Ion"]
[Black "Autotte, Daniel"]
[Result "1/2-1/2"]
[WhiteElo "1633"]
[BlackElo "1643"]
[PlyCount "53"]
[EventDate "2018.05.09"]
[EventType "tourn"]
[EventRounds "5"]
[EventCountry "CAN"]

1. e4 d5 2. d4 c6 3. exd5 cxd5 4. Bf4 Nf6 5. c3 e6 6. Bd3 Nc6 7. Nf3 Be7 8.
Nbd2 a6 9. a4 O-O 10. h4 h6 11. Ne5 Qb6 12. Nxc6 bxc6 13. Rb1 c5 14. g4 e5 15.
dxe5 Nxg4 16. Be2 Nxe5 17. Bxe5 Qe6 18. Bg3 Re8 19. O-O Bxh4 20. Bxh4 Qxe2 21.
Qxe2 Rxe2 22. Nb3 c4 23. Nd4 Re8 24. Rfe1 Bd7 25. a5 Rab8 26. Rxe8+ Rxe8 27. b4
1/2-1/2